header

Mapped in or mapped out? (Record no. 67324)

MARC details
000 -LEADER
fixed length control field 01387nam a2200349Ia 4500
082 04 - DEWEY DECIMAL CLASSIFICATION NUMBER
Classification number 339.4/6/09498
100 1# - MAIN ENTRY--AUTHOR NAME
Personal name Amelina, Maria,
245 10 - TITLE STATEMENT
Title Mapped in or mapped out?
260 ## - PUBLICATION, DISTRIBUTION, ETC. (IMPRINT)
Place of publication Washington, DC :
Name of publisher World Bank,
Year of publication 2004.
300 ## - PHYSICAL DESCRIPTION
Number of Pages v, 89 p.
490 1# - SERIES STATEMENT
Series statement World Bank working paper ;
650 #0 - SUBJECT ADDED ENTRY--TOPICAL TERM
Topical Term Poor
Topical Term Income distribution
Topical Term Household surveys
700 1# - ADDED ENTRY--PERSONAL NAME
Personal name Chiribuca, Dan,
Personal name Knack, Stephen F.
856 40 - ELECTRONIC LOCATION AND ACCESS
Uniform Resource Identifier http://site.ebrary.com/lib/rucke/Doc?id=10058913

No items available.

© 2026 Rongo University
Contact us: librarian | system librarian | Rongo university